000 02432nam0a2200397 4500
001 RU\NLR\bibl\904919
005 20260407073833.0
010 _a5-7729-0207-5
_91000
021 _aRU
_b2005-75744
_93737
035 _a(nilc)RSL-KNO-002773654
035 _a(NLR Aleph) 000893330
090 _a1732122
_c1732122
100 _a20051121d2005 |||y0rusy50 ca
101 0 _arus
102 _aRU
105 _ay |||||||||
106 _ar
200 1 _aКомментарий к Федеральному закону от 27 мая 2003 года № 58-ФЗ "О системе государственной службы Российской Федерации" (с изменениями от 11 ноября 2003 г.) и Федеральному закону от 27 июля 2004 года № 79-ФЗ "О государственной гражданской службе Российской Федерации"
_fРос. акад. гос. службы при Президенте Рос. Федерации
_g[Акопов Л.В. - д.ю.н., проф. и др.]
_gпод общ. ред. д.ю.н., проф., чл.-кор. РАН Г.В. Мальцева, д.ю.н., проф. И.Н. Барцица
210 _aМ.
_cИзд-во РАГС
_d2005
_g1-я Обр. тип.
215 _a634, [1] с.
_d22
320 _aБиблиогр. в подстроч. прим.
606 1 _aГосударственная служба
_jЗаконодательные материалы
_jКомментарии
_yРоссийская Федерация
_92077886
_3RU\NLR\auth\661253643
610 0 _aГосударство и право. Юридические науки -- Административное право -- Российская Федерация -- Государственная служба -- Комментарий к законодательству
686 _aХ621.02-321.223
_2rubbk
686 _aХ621.02-39(2Р)
702 1 _aАкопов
_bЛ. В.
_gЛеонид Владимирович
_4220
702 1 _aМальцев
_bГ. В.
_gГеннадий Васильевич
_4340
741 1 _aРоссийская Федерация
_tЗаконы
_9277893
_3RU\NLR\AUTH\883331
801 0 _aRU
_bRuMoRKP
_c20051121
_grcr
801 1 _aRU
_bRuMoRGB
_c20051121
801 2 _aRU
_bNLR
_c20060207
_grcr
830 _aсост. и ред. по ГАК
942 _cBOOK
980 _aNB